000 00558aas a2200169 4500
999 _c50521
_d50521
001 768714001
003 CO-MdFUSB
005 20170929163555.0
008 170929s1995 cr ||||| |||| 00| 0 spa d
040 _aCO-MdFUSB
_bspa
_cCO-MdFUSB
_dCO-MdFUSB
041 _aspa
100 1 _aZelaya, Hugo M.
245 1 0 _aLa gracia y la misericordia de Dios
_c/ Zelaya, Hugo M.
300 _aVolumen 3. Número 9 (1995), páginas 134-135
_c: 28 cm
773 0 _tConquista Cristiana
_049446
_960314
_gVolumen 3. Número 9 (1995), páginas 134-135
_qPágina 134
942 _cANA